| 000 | 00571nam a22001937a 4500 | ||
|---|---|---|---|
| 005 | 20251108164102.0 | ||
| 008 | 250721s1987 xx 000 0 ara d | ||
| 082 | 1 | 4 | _a628.16/شبي |
| 100 | 1 | _aشبيجلر، ك . س | |
| 245 | 1 | 0 | _aتنقية المياه المالحة / |
| 264 | 1 |
_aجدة : _bمركز النشر العلمي، _c1987. |
|
| 300 | _a200ص | ||
| 650 | 1 | 7 | _aالمياه |
| 650 | 1 | 7 | _aتنقية المياه |
| 650 | 1 | 7 | _aالمياه المالحة |
| 700 | 1 |
_aمحمد، مصطفى السيد _eترجمة |
|
| 942 |
_2ddc _cBK |
||
| 999 |
_c3231 _d3231 |
||